Movies Quiz

Random Movies or The Beatles Quiz

Help! song Minefield Quiz Stats

 Plays Quiz not verified by Sporcle

Support Sporcle.
Go Orange.
Score 0/8 Timer 03:00
0 Plays Today
% Correct
???
79.4%
???
68.3%
???
65.1%
???
52.4%
???
50.8%
???
50.8%
???
49.2%
???
31.7%

You're not logged in!

Compare scores with friends on all Sporcle quizzes.
OR
Log In

From the Vault

Letters Ending States

by MSUKent

Wouldn't it be kind of weird if states ended in symbols other than letters?
Remove Ads.
Support Sporcle.
Get the best of Sporcle when you Go Orange. This ad-free experience offers more features, more stats, and more fun while also helping to support Sporcle. Thank you for becoming a member.

Show Comments

Extras

Created Feb 24, 2020ReportNominate
Tags:The Beatles Quiz

Top Quizzes Today


Score Distribution

Your Account Isn't Verified!

In order to create a playlist on Sporcle, you need to verify the email address you used during registration. Go to your Sporcle Settings to finish the process.

Report this User

Report this user for behavior that violates our Community Guidelines.

Details: